| Tag |
First Indicator |
Second Indicator |
Subfields |
| LEADER |
00000cam a2200000 i 4500 |
| 001 |
in00000073143 |
| 005 |
20151008052458.0 |
| 008 |
790725s1979 enka b 00110 eng |
| 010 |
|
|
|a 79310317
|
| 015 |
|
|
|a GB***
|
| 020 |
|
|
|a 0273084224 :
|c 20.00
|
| 035 |
|
|
|a (OCoLC)05080897
|
| 035 |
|
|
|9 AAH3534AM
|
| 040 |
|
|
|a DLC
|c DLC
|d TXA
|d UtOrBLW
|
| 049 |
|
|
|a TXAM
|c [1405588]
|
| 050 |
0 |
0 |
|a QA188
|b .C36
|
| 082 |
0 |
|
|a 512.9/43
|
| 100 |
1 |
|
|a Campbell, S. L.
|q (Stephen La Vern)
|
| 245 |
1 |
0 |
|a Generalized inverses of linear transformations /
|c S. L. Campbell, C. D. Meyer.
|
| 264 |
|
1 |
|a London ;
|a San Francisco :
|b Pitman,
|c 1979.
|
| 300 |
|
|
|a xi, 272 pages :
|b illustrations ;
|c 25 cm.
|
| 336 |
|
|
|a text
|b txt
|2 rdacontent
|
| 337 |
|
|
|a unmediated
|b n
|2 rdamedia
|
| 338 |
|
|
|a volume
|b nc
|2 rdacarrier
|
| 490 |
1 |
|
|a Surveys and reference works in mathematics
|
| 500 |
|
|
|a Includes index.
|
| 504 |
|
|
|a Bibliography: pages [263]-267.
|
| 650 |
|
0 |
|a Matrix inversion.
|
| 650 |
|
0 |
|a Transformations (Mathematics)
|
| 700 |
1 |
|
|a Meyer, C. D.
|q (Carl Dean)
|
| 830 |
|
0 |
|a Surveys and reference works in mathematics.
|
| 999 |
|
|
|a MARS
|
| 999 |
f |
f |
|s b62dcf38-219f-3bff-bd71-9c42d24eecc0
|i 882e1b80-11f4-3a12-b2b5-b737d9c6c34e
|t 0
|
| 952 |
f |
f |
|p normal
|a Texas A&M University
|b College Station
|c Sterling C. Evans Library
|d Evans: Library Stacks
|t 0
|e QA188 .C36
|h Library of Congress classification
|i unmediated -- volume
|m A14804481213
|
| 998 |
f |
f |
|a QA188 .C36
|t 0
|l Evans: Library Stacks
|